ბათუმის შოთა რუსთაველის სახელმწიფო უნივერსიტეტის ბიბლიოთეკა

How and why we age (ბიბ.ჩანაწერი № 51254)

000 -LEADER
fixed length control field 00696nam a2200265Ia 4500
001 - CONTROL NUMBER
control field 18216
003 - CONTROL NUMBER IDENTIFIER
control field GE_BSU
008 - FIXED-LENGTH DATA ELEMENTS--GENERAL INFORMATION
fixed length control field 181216s||||||||xx |||||||||||||| ||und||
010 ## - LIBRARY OF CONGRESS CONTROL NUMBER
LC control number 9780345401557
040 ## - CATALOGING SOURCE
Transcribing agency GE_BSU
080 ## - UNIVERSAL DECIMAL CLASSIFICATION NUMBER
Universal Decimal Classification number 612.6
100 ## - MAIN ENTRY--PERSONAL NAME
Personal name Hayflick, Leonard.
245 ## - TITLE STATEMENT
Title How and why we age
245 ## - TITLE STATEMENT
Statement of responsibility, etc. with a foreword by: Robert N. Butler.
260 ## - PUBLICATION, DISTRIBUTION, ETC.
Place of publication, distribution, etc. New York
260 ## - PUBLICATION, DISTRIBUTION, ETC.
Name of publisher, distributor, etc. Ballantine Books,
260 ## - PUBLICATION, DISTRIBUTION, ETC.
Date of publication, distribution, etc. 1996
300 ## - PHYSICAL DESCRIPTION
Extent xxii, 377 p. ; 24 cm.
653 ## - INDEX TERM--UNCONTROLLED
Uncontrolled term Aging--Popular works. Aging--Physiological aspects.
653 ## - INDEX TERM--UNCONTROLLED
Uncontrolled term How and why we age
653 ## - INDEX TERM--UNCONTROLLED
Uncontrolled term მედიცინა
653 ## - INDEX TERM--UNCONTROLLED
Uncontrolled term ფიზიოლოგია
942 ## - ADDED ENTRY ELEMENTS (KOHA)
Koha item type წიგნი
ეგზემპლარები
Withdrawn status Lost status Damaged status Not for loan Date acquired Barcode Date last seen Price effective from Koha item type
        2018-12-17 46418 2018-12-17 2018-12-17 წიგნი